Члены ОПЕК - Statistics

General Stats
  • This quiz has been taken 10 times
    8 since last reset
  • The average score is 9 of 15
Answer Stats
Страна % Correct
Катар
100%
Венесуэла
88%
Ирак
88%
Иран
88%
Ливия
88%
Саудовская Аравия
88%
Кувейт
75%
Алжир
63%
Габон
50%
Индонезия
38%
Нигерия
38%
Республика Конго
38%
Экваториальная Гвинея
38%
Ангола
25%
Эквадор
13%
No matching quizzes found
Score Distribution
Percent of People with Each Score
Percentile by Number Answered
Your Score History
You have not taken this quiz since the last reset